000 00657nam a2200217Ia 4500
005 20260601193245.0
008 260601s9999||||xx |||||||||||||| ||und||
020 _a978-981-97-3203-6
_qebk
100 _aJianming Zhu
245 0 _aBlockchain Technology and Application
250 _a2024
260 _aHeidelberg, Germany
_bSpringer Nature
_c2024
440 _aCommunications in Computer and Information Science
650 _aComputer Science
700 _aQianhong Wu
700 _aXianhua Song
700 _aYong Ding
700 _aZeguang Lu
856 _uhttps://link.springer.com/openurl?genre=book&isbn=978-981-97-3203-6
942 _cEB
_2ddc
999 _c56530
_d56530